All-Time Montreal Canadiens Points - Statistics

General Stats
  • This quiz has been taken 33 times
    17 since last reset
  • The average score is 20 of 50
Answer Stats
Hint Answer % Correct
487 Brendan Gallagher
100%
307 Cole Caufield
100%
1,046 Henri Richard
100%
966 Maurice Richard
100%
476 Nick Suzuki
100%
1,246 Guy Lafleur
92%
641 Saku Koivu
85%
572 Andrei Markov
77%
448 Max Pacioretty
77%
1,219 Jean Beliveau
69%
883 Larry Robinson
62%
606 Tomas Plekanec
62%
863 Yvan Cournoyer
62%
759 Bernie Geoffrion
54%
412 Serge Savard
54%
612 Mats Naslund
46%
776 Steve Shutt
46%
498 Vincent Damphousse
46%
463 Aurel Joliat
38%
593 Dickie Moore
38%
623 Elmer Lach
38%
547 Guy Carbonneau
38%
421 Howie Morenz
38%
421 Stephane Richer
38%
501 Bob Gainey
31%
835 Jacques Lemaire
31%
309 Chris Chelios
23%
447 Doug Harvey
23%
310 Frank Mahovlich
23%
330 Gilles Tremblay
23%
572 Guy Lapointe
23%
363 J.C. Tremblay
23%
584 Mario Tremblay
23%
569 Peter Mahovlich
23%
529 Toe Blake
23%
415 Yvon Lambert
23%
522 Bobby Rousseau
15%
589 Claude Provost
15%
322 Mark Recchi
15%
502 Ralph Backstrom
15%
408 Rejean Houle
15%
383 Bert Olmstead
8%
482 Bobby Smith
8%
303 John Ferguson
8%
304 Mark Napier
8%
324 Mike McPhee
8%
371 Patrice Brisebois
8%
456 Pierre Mondou
8%
349 Ryan Walter
8%
423 Shayne Corson
8%
No matching quizzes found
Score Distribution
Percent of People with Each Score
Percentile by Number Answered
Your Score History
You have not taken this quiz since the last reset